Gaming Quiz

Random Gaming or Nintendo Quiz

Sonic the Hedgehog: Dr. Eggman's Boss Machines Quiz Stats

 Plays Quiz not verified by Sporcle

Challenge
Share
Tweet
Embed
Score 0/86 Timer 20:00
0 Plays Today
% Correct
Death Egg Robot
67%
Death Egg Robot
67%
Egg Mobile Hammer Ball
66.7%
Egg Mobile Hammer Ball
66.7%
Egg Ball
64.3%
Egg Ball No. 2
64.3%
Drill Eggman
61%
Drill Eggman
61%
Egg Dragoon
60%
Egg Dragoon
60%
Death Ball
59.7%
Egg Hawk
57.7%
Egg Emperor
56.3%
Egg Mobile Flamethrower
55.7%
Drill Mobile
55.7%
Egg Hammer Tank 3
55.7%
Egg Hammer Tank
55.7%
Egg Hammer Tank 2
55.7%
Egg Hammer Mega
55.7%
Egg Hammer Fortress
55.7%
Big Arm
55.3%
Flame Mobile
54%
Graviton Mobile
54%
Egg Viper
54%
Drill Eggman II
53.7%
Egg Albatross
53.7%
Hot Mobile
52%
Egg Walker
52%
Egg Walker
52%
% Correct
Ball Shooter
51.7%
Egg Mobile Spike
50.7%
Egg Hornet
50.7%
Egg Mobile
48.7%
Hammer Eggman
48.3%
Time Eater
48.3%
Water Eggman
46.3%
Nega Wisp Armor
45.7%
Final Zone Engine Room
44.7%
Submarine Eggman
44.7%
Egg Mobile Bomber
44%
Egg Scarab
43.7%
Egg Golem
42.7%
Egg Beetle
42.3%
Screw Mobile
42%
Doomsday Robot
41.7%
Egg Dealer
41.7%
Egg Wyvern
41.7%
Egg Bomber Tank
40.7%
Submarine Eggman II
40%
Kyodai Eggman Robo
37.3%
Catcher Eggman
36.7%
Aero Egg
36%
Flying Eggman
35.7%
Barrier Eggman
35.7%
Barrier Eggman II
35.7%
Egg Breaker
35.3%
Freezer Mobile
34.7%
Hyper Egg Robo
34.3%
% Correct
Super Egg Robo
33.3%
Egg Prawn
33.3%
Super Egg Robo Z
33.3%
Egg Lancer
33%
Egg Devil Ray
31%
Jet Mobile
28.3%
Egg Gravity
28.3%
Hang Mobile
28%
Egg Wizard
27.3%
Egg Foot
26.7%
Egg Saucer
26.3%
Beam Rocket
25%
Egg Chase
24.3%
Egg Snake
24%
Egg Frog
24%
Egg Cauldron
23%
Egg-Go-Round
22.7%
Egg Totem
22.7%
Egg Pinball
22.7%
Egg Spider
22%
Egg X
21.3%
Egg Cube
21.3%
Egg Press
21%
Egg Salamander
21%
Egg Turtle
19.3%
Egg King
19.3%
Egg Eagle
19%
Egg Libra
17.3%

You're not logged in!

Compare scores with friends on all Sporcle quizzes.
Join for Free
OR
Log In

You Might Also Like...

Show Comments

Extras

Top Quizzes Today


Score Distribution

Your Account Isn't Verified!

In order to create a playlist on Sporcle, you need to verify the email address you used during registration. Go to your Sporcle Settings to finish the process.

Report this User

Report this user for behavior that violates our Community Guidelines.

Details: